[Event "29th Czech Rapid G1 2018"]
[Site "Pardubice CZE"]
[Date "2018.07.19"]
[Round "9.52"]
[White "Chrz, Pavel"]
[Black "Freisler, Pavel"]
[Result "0-1"]
[WhiteTitle "CM"]
[BlackTitle "IM"]
[WhiteElo "2032"]
[BlackElo "2246"]
[WhiteFideId "307980"]
[BlackFideId "301477"]
[EventDate "2018.07.18"]

1. Nf3 Nf6 2. g3 d5 3. d4 Bf5 4. Bg2 h6 5. c4 c6 6. Qb3 Qb6 7. Nc3 e6 8. c5 Qxb3
9. axb3 Na6 10. Bf4 Ne4 11. Nd2 Nxd2 12. Kxd2 Kd7 13. Ra4 Be7 14. b4 g5 15. Be3
Nc7 16. Rha1 a6 17. R4a2 Rae8 18. Na4 Bf6 19. Nc3 e5 20. dxe5 Bxe5 21. Ke1 Ne6
22. Rd1 Kc8 23. Na4 Bc2 24. Nb6+ Kc7 25. Rd2 Bb1 26. Ra1 Bf5 27. b5 axb5 28.
Bxd5 cxd5 29. Rxd5 Nd8 30. Ra8 Nc6 31. Rxe5 Nxe5 32. Nd5+ Kc6 33. Ne7+ Rxe7 34.
Rxh8 Re6 35. b4 Nc4 36. Bd4 Bg4 37. e3 Ne5 38. Bxe5 Rxe5 39. Rxh6+ Kd5 40. Rb6
Kc4 41. Rxb7 f5 42. Rg7 Bf3 43. Kd2 Rd5+ 44. Kc2 g4 45. c6 Kxb4 46. c7 Rc5+ 47.
Kd3 Be4+ 48. Kd4 Rc6 49. Ke5 Kc3 50. Kf4 b4 51. f3 gxf3 52. g4 f2 0-1

[Event "29th Czech Rapid G1 2018"]
[Site "Pardubice CZE"]
[Date "2018.07.19"]
[Round "9.53"]
[White "Soural, Jan"]
[Black "Roskova, Katerina"]
[Result "1/2-1/2"]
[WhiteElo "2192"]
[BlackElo "1950"]
[WhiteFideId "311928"]
[BlackFideId "330558"]
[EventDate "2018.07.18"]

1. d4 Nf6 2. c4 g6 3. Nc3 d5 4. cxd5 Nxd5 5. e4 Nxc3 6. bxc3 Bg7 7. Qa4+ Qd7 8.
Qa3 O-O 9. Nf3 b6 10. Be3 Bb7 11. Bd3 a5 12. O-O f5 13. Bc4+ Kh8 14. Ng5 f4 15.
Bd2 f3 16. Be6 Qe8 17. Rfe1 fxg2 18. e5 Nc6 19. Rad1 Nd8 20. Bc4 h6 21. Ne4 g5
22. Bd3 Qf7 23. Be3 Ne6 24. Qb3 a4 25. Qc2 Nf4 26. Bxf4 gxf4 27. f3 Qh5 28. Qxg2
Rg8 29. Kh1 Bxe5 30. Qf2 Bd6 31. Rg1 Rxg1+ 32. Rxg1 Rg8 33. Rxg8+ Kxg8 34. Qg2+
Kf7 35. Kg1 Bc8 36. Bc4+ Be6 37. Bxe6+ Kxe6 38. Qg8+ Kd7 39. Qg4+ Qxg4+ 40. fxg4
c5 41. dxc5 Bxc5+ 42. Kg2 Ke6 43. Nxc5+ bxc5 44. Kf3 Ke5 45. a3 Kd5 46. Kxf4 Kc4
47. h4 Kxc3 48. g5 hxg5+ 49. hxg5 Kb2 50. g6 c4 51. g7 c3 52. g8=Q c2 53. Qg2
Kb1 54. Qb7+ Ka2 55. Qc6 Kb1 56. Qb5+ Ka1 57. Qc4 Kb1 58. Qb4+ Ka1 59. Qe1+ Kb2
60. Qe5+ Kb1 61. Qb5+ Ka1 62. Qc4 Kb2 63. Qb4+ Ka1 64. Qc3+ Kb1 65. Qd3 Kb2 66.
Qd2 Kb1 67. Qb4+ Ka1 68. Qe1+ Kb2 69. Qe5+ Kb1 70. Qb5+ Ka1 71. Qc4 1/2-1/2

[Event "29th Czech Rapid G1 2018"]
[Site "Pardubice CZE"]
[Date "2018.07.19"]
[Round "9.54"]
[White "Joukl, Zdenek"]
[Black "Vokoun, Jan"]
[Result "1/2-1/2"]
[BlackTitle "FM"]
[WhiteElo "2029"]
[BlackElo "2124"]
[WhiteFideId "304247"]
[BlackFideId "301647"]
[EventDate "2018.07.18"]

1. d4 d5 2. Nf3 Nf6 3. Bg5 Nbd7 4. e3 e6 5. Nbd2 a6 6. Bd3 c5 7. c3 Qc7 8. O-O
Bd6 9. Re1 O-O 10. Bh4 Re8 11. Bg3 1/2-1/2

[Event "29th Czech Rapid G1 2018"]
[Site "Pardubice CZE"]
[Date "2018.07.19"]
[Round "9.57"]
[White "Pein, Jonathan"]
[Black "Mlcak, Viktor"]
[Result "1-0"]
[WhiteElo "2106"]
[BlackElo "1939"]
[WhiteFideId "417092"]
[BlackFideId "320064"]
[EventDate "2018.07.18"]

1. e4 Nf6 2. e5 Nd5 3. d4 d6 4. c4 Nb6 5. f4 dxe5 6. fxe5 Nc6 7. Be3 Bf5 8. Nc3
e6 9. Be2 Bb4 10. Nf3 Bg4 11. O-O O-O 12. Ne4 Bf5 13. Ng3 Bg6 14. h4 f6 15. h5
Bf5 16. Nxf5 exf5 17. e6 Qe8 18. a3 Be7 19. Nh4 Rd8 20. Nxf5 Bc5 21. b4 Nxd4 22.
bxc5 Nf3+ 23. Bxf3 Rxd1 24. Raxd1 Nxc4 25. e7 Nxe3 26. Rd8 Nxf1 27. exf8=R+ Kxf8
28. Rxe8+ 1-0

[Event "29th Czech Rapid G1 2018"]
[Site "Pardubice CZE"]
[Date "2018.07.19"]
[Round "9.58"]
[White "Khmelev, Mikhail"]
[Black "Vinklarek, Ondrej"]
[Result "1/2-1/2"]
[WhiteElo "1972"]
[BlackElo "2071"]
[WhiteFideId "24175641"]
[BlackFideId "318370"]
[EventDate "2018.07.18"]

1. e4 d5 2. exd5 Qxd5 3. Nf3 Nf6 4. Be2 Bg4 5. O-O e6 6. Nc3 Qd8 7. Ne5 Bxe2 8.
Qxe2 Be7 9. Qb5+ Nbd7 10. Nxd7 Qxd7 11. Qxb7 O-O 12. d3 Bd6 13. Qf3 Rab8 14. Re1
Rb4 15. b3 Rg4 16. h3 Rg6 17. Bb2 Bb4 18. Re2 Qd4 19. Na4 Qh4 20. Be5 Nd5 21.
Re4 Qg5 22. h4 Qe7 23. c4 Nf6 24. Rf4 Nd7 25. Bb2 Bd6 26. Rg4 Ne5 27. Bxe5 Bxe5
28. Re1 Bf6 29. h5 Rxg4 30. Qxg4 h6 31. d4 Qa3 32. Nc5 Rd8 33. Ne4 Bxd4 34. Qe2
Qe7 35. Rd1 f5 36. Ng3 Qf6 37. Re1 e5 38. Qf3 Rf8 39. Qd5+ Kh8 40. Ne2 Rd8 41.
Qb5 Qd6 42. Nxd4 exd4 43. Qxf5 d3 44. Rd1 d2 45. Kf1 Qd4 46. Qf3 Qb2 47. a4 Qc2
48. g4 Kg8 49. Kg2 Kh8 50. g5 hxg5 51. h6 gxh6 52. Qf6+ Kh7 53. Qe7+ Kg6 54.
Qe6+ Kg7 55. Qe7+ 1/2-1/2

[Event "29th Czech Rapid G1 2018"]
[Site "Pardubice CZE"]
[Date "2018.07.19"]
[Round "9.59"]
[White "Ruzicka, Josef"]
[Black "Zdrazil, Jan"]
[Result "1-0"]
[WhiteElo "2139"]
[BlackElo "1953"]
[WhiteFideId "383244"]
[BlackFideId "334537"]
[EventDate "2018.07.18"]

1. e4 c5 2. Nc3 d6 3. f4 g6 4. Nf3 Bg7 5. Bc4 Nc6 6. d3 Nf6 7. O-O O-O 8. a4 Nd4
9. h3 a6 10. Be3 Nd7 11. Qd2 Rb8 12. Qf2 b5 13. axb5 axb5 14. Ba2 Nxf3+ 15. Qxf3
b4 16. Na4 e6 17. Qg3 Nb6 18. Nxb6 Rxb6 19. Rab1 Ba6 20. f5 b3 21. Bxb3 Rxb3 22.
cxb3 Bxd3 23. Bg5 f6 24. Qxd3 fxg5 25. fxe6 Bd4+ 26. Kh1 Qe7 27. Rxf8+ Qxf8 28.
Rf1 Qe7 29. Qc4 Bf6 30. Rxf6 d5 31. Qxd5 Qxf6 32. e7+ Kg7 33. e8=N+ 1-0

[Event "29th Czech Rapid G1 2018"]
[Site "Pardubice CZE"]
[Date "2018.07.19"]
[Round "9.60"]
[White "Pacl, Vaclav"]
[Black "Salykin, Aleksandr"]
[Result "1-0"]
[WhiteTitle "FM"]
[WhiteElo "2070"]
[BlackElo "1862"]
[WhiteFideId "302031"]
[BlackFideId "44107730"]
[EventDate "2018.07.18"]

1. d4 d5 2. Bg5 c6 3. Nf3 Qb6 4. Qc1 Bg4 5. Nbd2 e6 6. e3 c5 7. c3 Nc6 8. Bd3
Be7 9. Bf4 Bh5 10. O-O Nf6 11. Ne5 O-O 12. Bg5 Qc7 13. f4 cxd4 14. exd4 Bg6 15.
Bxg6 hxg6 16. Qe1 Nh7 17. Bxe7 Nxe7 18. Rf3 Qd8 19. Rh3 g5 20. Qe2 g6 21. Rf1
Kg7 22. g4 Nc6 23. f5 exf5 24. gxf5 Nf6 25. fxg6 fxg6 26. Ng4 Nxg4 27. Qxg4
Rxf1+ 28. Nxf1 Qe7 29. Rg3 Rf8 30. Qxg5 Qf7 31. Ne3 Qf2+ 32. Kh1 1-0

[Event "29th Czech Rapid G1 2018"]
[Site "Pardubice CZE"]
[Date "2018.07.19"]
[Round "9.61"]
[White "Roenko, Artur"]
[Black "Zarovs, Aleksandrs"]
[Result "1-0"]
[WhiteElo "2162"]
[BlackElo "1836"]
[WhiteFideId "14136732"]
[BlackFideId "11604425"]
[EventDate "2018.07.18"]

1. e4 d5 2. exd5 Qxd5 3. Nc3 Qa5 4. d4 c6 5. Nf3 Bf5 6. Bc4 e6 7. Bd2 Qc7 8. Qe2
Nf6 9. Ne5 Nbd7 10. O-O-O b5 11. Nxd7 Kxd7 12. Bd3 Bxd3 13. Qxd3 a5 14. Qf3 a4
15. Bf4 Bd6 16. Bg5 Be7 17. Bxf6 Bxf6 18. Ne4 Ke7 19. Nxf6 gxf6 20. Rhe1 Rac8
21. Kb1 Qxh2 22. d5 cxd5 23. Rxd5 Qc7 24. Qa3+ Ke8 25. Rd2 Qe7 26. Qd3 Qc5 27.
Qd7+ Kf8 28. Re3 Rg8 29. Rc3 1-0

[Event "29th Czech Rapid G1 2018"]
[Site "Pardubice CZE"]
[Date "2018.07.19"]
[Round "9.62"]
[White "Kusa, Jakub"]
[Black "Vykydal, Frantisek"]
[Result "0-1"]
[BlackTitle "CM"]
[WhiteElo "2061"]
[BlackElo "2089"]
[WhiteFideId "395595"]
[BlackFideId "301744"]
[EventDate "2018.07.18"]

1. e4 Nf6 2. e5 Nd5 3. d4 d6 4. Nf3 Bg4 5. Be2 Bxf3 6. Bxf3 c6 7. O-O dxe5 8.
dxe5 e6 9. c4 Ne7 10. Qxd8+ Kxd8 11. Bg5 Nd7 12. Rd1 Kc7 13. Nc3 Nxe5 14. Bf4
Ng6 15. Bg3 Bd6 16. Be2 Rad8 17. Ne4 f5 18. Ng5 Rhe8 19. c5 Bxc5 20. Nf7 Rxd1+
21. Rxd1 f4 22. Nxe5 fxg3 23. Rd7+ Kc8 24. Nxg6 gxf2+ 25. Kf1 Kxd7 26. Ne5+ Kc7
27. Nd3 Be3 28. Nxf2 Bxf2 29. Kxf2 Kd6 30. Ke3 Ke5 31. Bd3 h6 32. Bg6 Rd8 33.
Bc2 b5 34. a3 a5 35. g4 g5 36. h3 Rd4 37. Bg6 b4 38. axb4 Rxb4 0-1

[Event "29th Czech Rapid G1 2018"]
[Site "Pardubice CZE"]
[Date "2018.07.19"]
[Round "9.63"]
[White "Brejnik, Gustav"]
[Black "Pavlicek, Lukas"]
[Result "1-0"]
[WhiteElo "2134"]
[BlackElo "1819"]
[WhiteFideId "362662"]
[BlackFideId "373001"]
[EventDate "2018.07.18"]

1. d4 Nf6 2. c4 g6 3. g3 Bg7 4. Bg2 d6 5. Nc3 O-O 6. Nf3 Nbd7 7. O-O e5 8. e4 c6
9. h3 Re8 10. Qc2 Qe7 11. Be3 exd4 12. Nxd4 Nc5 13. Bg5 h6 14. Bxf6 Qxf6 15.
Rad1 Be6 16. b3 Rad8 17. Kh2 Qe7 18. f4 f5 19. Rfe1 fxe4 20. Nxe6 Bxc3 21. Qxc3
Qxe6 22. b4 Na4 23. Qb3 Nb6 24. Rxe4 Qf7 25. Rxe8+ Rxe8 26. Rxd6 Nxc4 27. Rd4
Ne3 28. Qxf7+ Kxf7 29. Rd7+ Re7 30. Rxe7+ Kxe7 31. Be4 Kf6 32. g4 Nd5 33. Bxd5
cxd5 34. Kg3 Ke6 35. Kf3 a6 36. Ke3 b6 37. Kd4 Kd6 38. f5 gxf5 39. gxf5 h5 40.
h4 a5 41. bxa5 bxa5 42. a4 Kc6 43. Ke5 1-0

[Event "29th Czech Rapid G1 2018"]
[Site "Pardubice CZE"]
[Date "2018.07.19"]
[Round "9.64"]
[White "Alekseev, Mikhail"]
[Black "Balazec, Ludovit"]
[Result "1-0"]
[WhiteElo "1832"]
[BlackElo "1991"]
[WhiteFideId "34171069"]
[BlackFideId "318078"]
[EventDate "2018.07.18"]

1. e4 c5 2. c4 Nc6 3. Nf3 d6 4. Be2 Nf6 5. Nc3 e6 6. O-O a6 7. d4 cxd4 8. Nxd4
Be7 9. Be3 O-O 10. b3 Bd7 11. Rc1 Rc8 12. Qd2 Nxd4 13. Bxd4 Bc6 14. Bf3 Nd7 15.
Nd5 exd5 16. exd5 Bg5 17. Be3 Bxe3 18. Qxe3 Ne5 19. dxc6 bxc6 20. Rcd1 Qf6 21.
Be4 Rfe8 22. Qd4 Red8 23. h3 c5 24. Qc3 Qf4 25. Rfe1 Kf8 26. Bb7 Rb8 27. Bxa6
Nc6 28. Qd3 g6 29. Bb5 Nd4 30. a4 Qf5 31. Qe3 Kg7 32. Qc3 Kg8 33. Re3 Qh5 34.
Qd3 Nf5 35. Re4 Nd4 36. Rde1 Qf5 37. Qb1 Qg5 38. Qd3 Qf5 39. Kf1 Qg5 40. a5 Nxb5
41. cxb5 d5 42. Re5 Qf6 43. a6 Qf4 44. Kg1 c4 45. bxc4 dxc4 46. Qc3 f6 47. R5e4
Qd6 48. Qxc4+ Kg7 49. Re7+ Kf8 50. Qf7# 1-0

[Event "29th Czech Rapid G1 2018"]
[Site "Pardubice CZE"]
[Date "2018.07.19"]
[Round "9.65"]
[White "Chubar, Vladimir"]
[Black "Harshini, A"]
[Result "1-0"]
[WhiteTitle "IM"]
[BlackTitle "WFM"]
[WhiteElo "2016"]
[BlackElo "2037"]
[WhiteFideId "14101491"]
[BlackFideId "25008986"]
[EventDate "2018.07.18"]

1. d4 Nf6 2. Nf3 g6 3. Bg5 Bg7 4. Nbd2 d5 5. e3 Be6 6. Bd3 Nbd7 7. O-O O-O 8. c3
c5 9. h3 Qb6 10. Rb1 cxd4 11. exd4 Rfd8 12. Re1 Rac8 13. Bf4 Nf8 14. Ng5 Rc6 15.
Ndf3 N6d7 16. Qd2 f6 17. Nxe6 Rxe6 18. Rxe6 Nxe6 19. Bg3 Ndf8 20. Re1 Kh8 21. a3
a6 22. h4 Qc6 23. h5 g5 24. Bf5 Re8 25. Nh2 h6 26. Qd3 Kg8 27. Ng4 Nd8 28. Bg6
Nf7 29. Qf5 Qc8 30. Qxc8 Rxc8 31. Rxe7 Nxg6 32. hxg6 Nh8 33. Rxb7 Nxg6 34. Rb6
Kf7 35. Rxa6 Rb8 36. Bxb8 1-0

[Event "29th Czech Rapid G1 2018"]
[Site "Pardubice CZE"]
[Date "2018.07.19"]
[Round "9.66"]
[White "Ret, Adam Josef"]
[Black "Gschwendtner, Stanislav"]
[Result "0-1"]
[WhiteElo "1824"]
[BlackElo "2032"]
[WhiteFideId "384240"]
[BlackFideId "307297"]
[EventDate "2018.07.18"]

1. d4 Nf6 2. c4 g6 3. Nc3 d5 4. e3 Bg7 5. Nf3 O-O 6. Bd3 Nc6 7. O-O Nb4 8. cxd5
Nxd3 9. Qxd3 Nxd5 10. Nxd5 Qxd5 11. e4 Qh5 12. Be3 c5 13. Qc2 Bg4 14. Ne5 cxd4
15. Nxg4 Qxg4 16. Bd2 Rac8 17. Qd3 Rfd8 18. f4 Rc6 19. Rac1 Rdc8 20. Rxc6 Rxc6
21. Rc1 Qc8 22. Rxc6 bxc6 23. h3 e5 24. Qg3 exf4 25. Bxf4 c5 26. b3 h5 27. Qd3
Qd7 28. Kh2 a5 29. Kg1 a4 30. Bd2 axb3 31. axb3 Qa7 32. Qc2 d3 33. Qc4 Qa1+ 34.
Kh2 Be5+ 35. g3 Qf1 36. Qxc5 Qe2+ 37. Kg1 Qd1+ 38. Kg2 Qxd2+ 39. Kg1 Qd1+ 40.
Kg2 Qc2+ 0-1

[Event "29th Czech Rapid G1 2018"]
[Site "Pardubice CZE"]
[Date "2018.07.19"]
[Round "9.67"]
[White "Effenberger, Adam"]
[Black "Fiala, Milan"]
[Result "0-1"]
[WhiteElo "1817"]
[BlackElo "1845"]
[WhiteFideId "376370"]
[BlackFideId "346829"]
[EventDate "2018.07.18"]

1. e4 c5 2. Nf3 d6 3. d4 cxd4 4. Nxd4 Nf6 5. Nc3 a6 6. Be3 e5 7. Nb3 Be6 8. f3
Nc6 9. Qd2 Be7 10. O-O-O b5 11. g4 h6 12. h4 Nd7 13. Bg2 Nb6 14. Bxb6 Qxb6 15.
g5 O-O-O 16. f4 exf4 17. Qxf4 Ne5 18. Nd5 Bxd5 19. exd5 Kb8 20. Nd4 Rc8 21. Nc6+
Nxc6 22. dxc6 Qc7 23. Bd5 Rcf8 24. Qg4 Qc8 25. Qd4 Qc7 26. Qxg7 hxg5 27. h5 Qd8
28. h6 Bf6 29. c7+ Kxc7 0-1

[Event "29th Czech Rapid G1 2018"]
[Site "Pardubice CZE"]
[Date "2018.07.19"]
[Round "9.68"]
[White "Trost, Martin"]
[Black "Zdechovsky, Tobias"]
[Result "1-0"]
[WhiteElo "1838"]
[BlackElo "1675"]
[WhiteFideId "1710737"]
[BlackFideId "23702036"]
[EventDate "2018.07.18"]

1. e4 c5 2. Nc3 Nc6 3. f4 e6 4. Nf3 d5 5. Bb5 g6 6. Bxc6+ bxc6 7. d3 Bg7 8. O-O
Ne7 9. Qe1 O-O 10. Qh4 f5 11. e5 Ba6 12. Ng5 h6 13. Nxe6 Qd7 14. Nxc5 1-0

[Event "29th Czech Rapid G1 2018"]
[Site "Pardubice CZE"]
[Date "2018.07.19"]
[Round "9.69"]
[White "Vestfal, Jan"]
[Black "Trost, Edvin"]
[Result "1-0"]
[WhiteElo "1407"]
[BlackElo "1925"]
[WhiteFideId "23717866"]
[BlackFideId "1729519"]
[EventDate "2018.07.18"]

1. e4 c5 2. Nf3 e6 3. d4 cxd4 4. Nxd4 a6 5. Nc3 Qc7 6. Be3 Nf6 7. f3 Bb4 8. Qd2
d5 9. Bd3 Bxc3 10. bxc3 dxe4 11. Bxe4 Nxe4 12. fxe4 Nc6 13. O-O O-O 14. Nxc6
Qxc6 15. e5 Qd5 16. Bd4 b5 17. a3 Bb7 18. Rf3 Rad8 19. Rg3 g6 20. Qh6 Rd7 21.
Rf1 f5 22. exf6 e5 23. Rg5 Qe4 24. Bxe5 Rd5 25. Qg7# 1-0

[Event "29th Czech Rapid G1 2018"]
[Site "Pardubice CZE"]
[Date "2018.07.19"]
[Round "9.70"]
[White "Tomek, Karel"]
[Black "Natarov, Ilya"]
[Result "0-1"]
[WhiteElo "1785"]
[BlackElo "2028"]
[WhiteFideId "347035"]
[BlackFideId "24198439"]
[EventDate "2018.07.18"]

1. d4 Nf6 2. Nf3 g6 3. e3 Bg7 4. Bd3 d6 5. b3 O-O 6. Bb2 Nc6 7. O-O Nb4 8. Be2
Bf5 9. Bd3 Bd7 10. Be2 Bf5 11. Bd3 Qd7 12. a3 Nxd3 13. cxd3 d5 14. a4 Bg4 15.
Nbd2 Qf5 16. Qc2 Rac8 17. Rfe1 Nd7 18. h3 Bxf3 19. Nxf3 c5 20. Qd2 cxd4 21. Bxd4
e5 22. Bb2 Nc5 23. d4 Nxb3 24. Qb4 Nxa1 25. Rxa1 e4 26. Ne1 Qd7 27. Ba3 Rc4 28.
Qb3 Rfc8 29. a5 Bf8 30. Bxf8 Kxf8 31. Qa3+ Kg7 32. Kh2 Qc7+ 33. g3 Rc1 34. Rxc1
Qxc1 35. Qb4 Qc3 36. Qb1 Qxa5 37. Ng2 b5 38. Qb3 b4 39. Nf4 Rc4 40. Qd1 Qa2 0-1

[Event "29th Czech Rapid G1 2018"]
[Site "Pardubice CZE"]
[Date "2018.07.19"]
[Round "9.71"]
[White "Bueble, Joschua"]
[Black "Haase, Pavel"]
[Result "0-1"]
[BlackTitle "CM"]
[WhiteElo "1722"]
[BlackElo "1994"]
[WhiteFideId "16225554"]
[BlackFideId "360392"]
[EventDate "2018.07.18"]

1. d4 Nf6 2. c4 e6 3. Nc3 b6 4. e4 Bb7 5. f3 d6 6. d5 Be7 7. Nge2 O-O 8. Ng3
Nbd7 9. Bd3 Ne8 10. O-O g6 11. Bh6 Ng7 12. Qd2 Ne5 13. h3 Bh4 14. Nh1 Nxd3 15.
Qxd3 Bg5 16. Bxg5 Qxg5 17. Rae1 e5 18. Qe3 Qxe3+ 19. Rxe3 Nh5 20. Nb5 a6 21. Nc3
f5 22. Nf2 Rf7 23. b3 Raf8 24. a4 Ng3 25. Ra1 fxe4 26. Nfxe4 Nf5 27. Rd3 Nd4 28.
Rb1 h6 29. Rb2 Bc8 30. Ne2 Nxe2+ 31. Rxe2 Bf5 32. Rd1 Bxe4 33. Rxe4 Rf4 34. Re2
a5 35. Rde1 Kg7 36. Re4 g5 37. R1e2 Kg6 38. Kf2 h5 39. Kg3 Kf5 40. Rf2 g4 41.
hxg4+ hxg4 42. fxg4+ Kxe4 0-1